Australian Singers - Statistics

General Stats
  • This quiz has been taken 43 times
  • The average score is 8 of 20
Answer Stats
Song Singer/Band % Correct
Chandelier Sia
84%
Somebody That I Used to Know Gotye
82%
Can't Get You Out of My Head Kylie Minogue
82%
Stayin' Alive Bee Gees
76%
Back in Black AC/DC
63%
Physical Olivia Newton-John
58%
Need You Tonight INXS
47%
Truly Madly Deeply Savage Garden
42%
Are You Gonna Be My Girl Jet
39%
Who Can It Be Now? Men at Work
39%
Jessie's Girl Rick Springfield
39%
She Looks So Perfect 5 Seconds of Summer
29%
Riptide Vance Joy
29%
Walking on a Dream Empire of the Sun
26%
Geronimo Sheppard
21%
The One That You Love Air Supply
16%
Joker and the Thief Wolfmother
13%
Pretty Brown Eyes Cody Simpson
5%
Bloom The Paper Kites
0%
My Favourite Thing Tonight Alive
0%
No matching quizzes found
Score Distribution
Percent of People with Each Score
Percentile by Number Answered
Your Score History
You have not taken this quiz